| 000 | 00553nam a22002057a 4500 | ||
|---|---|---|---|
| 003 | OSt | ||
| 005 | 20140310183125.0 | ||
| 008 | 130529t xxu||||| |||| 00| 0 eng d | ||
| 020 | _a9789715849500 | ||
| 050 |
_aQA 39.2 _b.C873 2010 |
||
| 082 |
_aFIL 512.9 _bC873 2010 |
||
| 245 |
_aReal-world Mathematics : _b Integrated Algebra _cCovar, Melanie |
||
| 260 |
_aQuezon City _bC & E Publishing Inc. _cc2010 |
||
| 300 | _a680 p. | ||
| 521 | _acollege students | ||
| 526 | _c1210L-1700L | ||
| 541 | _j1 | ||
| 562 | _e1 | ||
| 942 |
_2lcc _cBK _kFIL |
||
| 999 |
_c19016 _d19016 |
||